Analýza výskytu lokálnych povodňových udalostí v obci Smrečany

Uložené v:
Podrobná bibliografia
Hlavný autor: Mako, Šimon (Autor)
Ďalší autori: Danáčová, Michaela (Vedúci práce)
Médium: Rukopis Kniha
Jazyk:Slovak
Vydavateľské údaje: 2025
Predmet:
On-line prístup:http://is.stuba.sk/zp/portal_zp.pl?podrobnosti=175943
CRZP
Tagy: Pridať tag
Žiadne tagy, Buďte prvý, kto otaguje tento záznam!

MARC

LEADER 00000ntm a22000003a 4500
001 stuzp105594
003 SK-STU
005 20250728140303.7
007 ta
008 150427s2015----xo-----f-mn---000-0-slo-d
040 |a STU  |b slo 
041 0 |a slo 
100 1 |a Mako, Šimon  |u 010160  |4 aut  |U SvF Stavebná fakulta  |T SvF Katedra vodného hospodárstva krajiny  |X 121324  |U V160  |Y 16  |7 121324 
242 0 1 |a Analysis of the local flood events in the municipality of Smrečany  |y eng 
245 1 0 |a Analýza výskytu lokálnych povodňových udalostí v obci Smrečany 
260 |c 2025 
650 4 |a povrchový odtok  |2 slo 
650 4 |a zrážky  |2 slo 
650 4 |a metóda SCS-CN  |2 slo 
650 4 |a povodne  |2 slo 
650 4 |a surface runoff  |2 eng 
650 4 |a floods  |2 eng 
650 4 |a precipitation  |2 eng 
650 4 |a SCS-CN method  |2 eng 
700 1 |a Danáčová, Michaela  |u 010160  |k Z1  |4 ths  |U SvF Stavebná fakulta  |T SvF Katedra vodného hospodárstva krajiny  |X 10113  |U V160  |Y 16  |7 A000010113 
856 4 |u http://is.stuba.sk/zp/portal_zp.pl?podrobnosti=175943 
856 4 |u https://opac.crzp.sk/?fn=detailBiblioForm&sid=C9A1C75A261DD259F982401E26A3  |z CRZP